<?xml version="1.0" encoding="UTF-8"?>
<record
    xmlns:xsi="http://www.w3.org/2001/XMLSchema-instance"
    xsi:schemaLocation="http://www.loc.gov/MARC21/slim http://www.loc.gov/standards/marcxml/schema/MARC21slim.xsd"
    xmlns="http://www.loc.gov/MARC21/slim">

  <leader>05070nam a22008415a 4500</leader>
  <controlfield tag="001">qbx045wznj8v21qt</controlfield>
  <controlfield tag="003">LIBRIS</controlfield>
  <controlfield tag="005">20260414094623.0</controlfield>
  <controlfield tag="007">cr |||   |||||         </controlfield>
  <controlfield tag="008">250820uuuuuuuuuxx |||||o|||||000 0|und|d</controlfield>
  <datafield tag="020" ind1=" " ind2=" ">
    <subfield code="a">9783031903632</subfield>
  </datafield>
  <datafield tag="020" ind1=" " ind2=" ">
    <subfield code="z">9783031903625(PRINT)</subfield>
  </datafield>
  <datafield tag="035" ind1=" " ind2=" ">
    <subfield code="a">(EBZ)ebs112743033e</subfield>
  </datafield>
  <datafield tag="035" ind1=" " ind2=" ">
    <subfield code="a">(ALMA)993929420803662</subfield>
  </datafield>
  <datafield tag="035" ind1=" " ind2=" ">
    <subfield code="a">(ALMA)998482849403831</subfield>
  </datafield>
  <datafield tag="035" ind1=" " ind2=" ">
    <subfield code="a">(EBZ)ebs112743033e</subfield>
  </datafield>
  <datafield tag="035" ind1=" " ind2=" ">
    <subfield code="a">(EBZ)ebs112743033e</subfield>
  </datafield>
  <datafield tag="035" ind1=" " ind2=" ">
    <subfield code="a">(EBZ)ebs112743033e</subfield>
  </datafield>
  <datafield tag="035" ind1=" " ind2=" ">
    <subfield code="a">(ALMA)997595274803661</subfield>
  </datafield>
  <datafield tag="035" ind1=" " ind2=" ">
    <subfield code="a">(ALMA)991001511563003211</subfield>
  </datafield>
  <datafield tag="035" ind1=" " ind2=" ">
    <subfield code="a">(ALMA)99836850302456</subfield>
  </datafield>
  <datafield tag="035" ind1=" " ind2=" ">
    <subfield code="a">(EBZ)ebs112743033e</subfield>
  </datafield>
  <datafield tag="040" ind1=" " ind2=" ">
    <subfield code="a">SEK</subfield>
    <subfield code="e">a</subfield>
    <subfield code="c">n</subfield>
  </datafield>
  <datafield tag="041" ind1=" " ind2=" ">
    <subfield code="a">und</subfield>
  </datafield>
  <datafield tag="082" ind1=" " ind2=" ">
    <subfield code="a">720.288 M85 2025</subfield>
  </datafield>
  <datafield tag="100" ind1="1" ind2=" ">
    <subfield code="a">Bernardo, Graziella</subfield>
  </datafield>
  <datafield tag="245" ind1="1" ind2="0">
    <subfield code="a">Multi-scale Perspectives on Building Heritage Conservation and Sustainable Cities</subfield>
    <subfield code="b">Graziella Bernardo.</subfield>
  </datafield>
  <datafield tag="260" ind1=" " ind2=" ">
    <subfield code="b">Springer, Cham, 2025</subfield>
  </datafield>
  <datafield tag="264" ind1=" " ind2="1">
    <subfield code="c">uuuu-uuuu</subfield>
  </datafield>
  <datafield tag="300" ind1=" " ind2=" ">
    <subfield code="a">231 pages, 24 cm.</subfield>
  </datafield>
  <datafield tag="650" ind1=" " ind2=" ">
    <subfield code="a">Architectural heritage conservation; Sustainable urban development; Historic buildings&#x2014;Preservation; Urban planning and sustainability</subfield>
  </datafield>
  <datafield tag="700" ind1=" " ind2=" ">
    <subfield code="a">Luis Manuel Palmero Iglesias,</subfield>
  </datafield>
  <datafield tag="776" ind1="0" ind2="8">
    <subfield code="i">Print</subfield>
    <subfield code="t">Multi-scale Perspectives on Building Heritage Conservation and Sustainable Cities</subfield>
    <subfield code="z">978-3-031-90362-5</subfield>
  </datafield>
  <datafield tag="856" ind1="4" ind2="0">
    <subfield code="u">https://gslg-hb.primo.exlibrisgroup.com/openurl/46GSLG_BORAS/46GSLG_BORAS:46BORAS_V1?u.ignore_date_coverage=true&amp;rft.mms_id=993929420803662</subfield>
    <subfield code="z">Tillg&#xFFFD;nglig f&#xFFFD;r anv&#xFFFD;ndare inom H&#xFFFD;gskolan i Bor&#xFFFD;s</subfield>
    <subfield code="z">fulltext</subfield>
    <subfield code="z">Springer Nature Engineering eBooks 2025</subfield>
  </datafield>
  <datafield tag="856" ind1="4" ind2="0">
    <subfield code="u">https://proxy.library.ju.se/login?url=?u.ignore_date_coverage=true&amp;rft.mms_id=998482849403831</subfield>
    <subfield code="z">Online access for JON</subfield>
    <subfield code="z">fulltext</subfield>
    <subfield code="z">Springer eBooks</subfield>
  </datafield>
  <datafield tag="856" ind1="4" ind2="0">
    <subfield code="u">https://link.springer.com/10.1007/978-3-031-90363-2</subfield>
    <subfield code="z">Online access for KaU</subfield>
    <subfield code="z">Springer Nature Engineering (R0) eBooks 2025 English/International</subfield>
    <subfield code="z">fulltext</subfield>
  </datafield>
  <datafield tag="856" ind1="4" ind2="0">
    <subfield code="u">https://proxy.lib.ltu.se/login?url=https://link.springer.com/10.1007/978-3-031-90363-2</subfield>
    <subfield code="z">Online access for LTU</subfield>
    <subfield code="z">Springer Engineering eBooks 2025 English/International</subfield>
  </datafield>
  <datafield tag="856" ind1="4" ind2="0">
    <subfield code="u">https://ludwig.lub.lu.se/login?url=https://link.springer.com/10.1007/978-3-031-90363-2</subfield>
    <subfield code="z">Online access for Lund University</subfield>
    <subfield code="z">Springer Engineering eBooks 2025 English/International</subfield>
  </datafield>
  <datafield tag="856" ind1="4" ind2="0">
    <subfield code="u">https://link.lnu.se/openurl?u.ignore_date_coverage=true&amp;rft.mms_id=997595274803661</subfield>
    <subfield code="z">SpringerLink Books - AutoHoldings</subfield>
    <subfield code="z">Online access for Linnaeus University</subfield>
  </datafield>
  <datafield tag="856" ind1="4" ind2="0">
    <subfield code="u">https://link.lnu.se/openurl?u.ignore_date_coverage=true&amp;rft.mms_id=997595274803661</subfield>
    <subfield code="z">Springer Nature - Springer Engineering (R0) eBooks 2025 English International</subfield>
    <subfield code="z">Online access for Linnaeus University</subfield>
  </datafield>
  <datafield tag="856" ind1="4" ind2="0">
    <subfield code="u">https://mdh.primo.exlibrisgroup.com/openurl/46MH_INST/46MH_INST:46MH_V1?u.ignore_date_coverage=true&amp;rft.mms_id=991001511563003211</subfield>
    <subfield code="z">Tillg&#xFFFD;nglig f&#xFFFD;r anv&#xFFFD;ndare inom M&#xFFFD;lardalens h&#xFFFD;gskola</subfield>
    <subfield code="z">fulltext</subfield>
    <subfield code="z">Springer Nature - Springer Engineering eBooks 2025 English International</subfield>
  </datafield>
  <datafield tag="856" ind1="4" ind2="0">
    <subfield code="u">https://kth-ch.primo.exlibrisgroup.com/openurl/46KTH_INST/46KTH_INST:46KTH_VU1_L?u.ignore_date_coverage=true&amp;rft.mms_id=99836850302456</subfield>
    <subfield code="z">Springer Books</subfield>
    <subfield code="z">Online access for KTHB</subfield>
  </datafield>
  <datafield tag="856" ind1="4" ind2="0">
    <subfield code="u">https://go.openathens.net/redirector/chalmers.se?url=https://link.springer.com/10.1007/978-3-031-90363-2</subfield>
    <subfield code="z">Online access for Chalmers</subfield>
    <subfield code="z">Springer Nature Engineering (R0) eBooks 2025 English/International</subfield>
  </datafield>
  <datafield tag="887" ind1=" " ind2=" ">
    <subfield code="a">{"@id":"qbx045wznj8v21qt","modified":"2025-08-20T12:45:51.601+02:00"}</subfield>
    <subfield code="2">librisxl</subfield>
  </datafield>
  <datafield tag="887" ind1=" " ind2=" ">
    <subfield code="a">{"@id":"1m7rc35jztb0pd96","modified":"2025-08-24T10:43:53.954+02:00"}</subfield>
    <subfield code="2">librisxl</subfield>
  </datafield>
  <datafield tag="887" ind1=" " ind2=" ">
    <subfield code="a">{"@id":"6szwd9ch4stltpw4","modified":"2026-01-14T12:35:21.64+01:00"}</subfield>
    <subfield code="2">librisxl</subfield>
  </datafield>
  <datafield tag="887" ind1=" " ind2=" ">
    <subfield code="a">{"@id":"6sdglmcj4dc2c0wb","modified":"2025-08-20T12:45:51.671+02:00"}</subfield>
    <subfield code="2">librisxl</subfield>
  </datafield>
  <datafield tag="887" ind1=" " ind2=" ">
    <subfield code="a">{"@id":"f18wzs63czfvqcb3","modified":"2026-01-29T12:39:14.188+01:00"}</subfield>
    <subfield code="2">librisxl</subfield>
  </datafield>
  <datafield tag="887" ind1=" " ind2=" ">
    <subfield code="a">{"@id":"m7tw12t4k039cd1k","modified":"2025-08-20T12:45:52.733+02:00"}</subfield>
    <subfield code="2">librisxl</subfield>
  </datafield>
  <datafield tag="887" ind1=" " ind2=" ">
    <subfield code="a">{"@id":"cz4f4sw19d93ssdc","modified":"2026-01-14T11:38:00.606+01:00"}</subfield>
    <subfield code="2">librisxl</subfield>
  </datafield>
  <datafield tag="887" ind1=" " ind2=" ">
    <subfield code="a">{"@id":"0llp6kttxp1zsm12","modified":"2026-01-10T08:10:26.592+01:00"}</subfield>
    <subfield code="2">librisxl</subfield>
  </datafield>
  <datafield tag="887" ind1=" " ind2=" ">
    <subfield code="a">{"@id":"rczh77wnpx9vmt5z","modified":"2025-08-24T11:43:18.301+02:00"}</subfield>
    <subfield code="2">librisxl</subfield>
  </datafield>
  <datafield tag="887" ind1=" " ind2=" ">
    <subfield code="a">{"@id":"m7x7k50kk02glkgn","modified":"2025-09-17T12:38:17.725+02:00"}</subfield>
    <subfield code="2">librisxl</subfield>
  </datafield>
  <datafield tag="942" ind1=" " ind2=" ">
    <subfield code="2">ddc</subfield>
    <subfield code="c">BK-EN</subfield>
    <subfield code="n">0</subfield>
  </datafield>
  <datafield tag="999" ind1=" " ind2=" ">
    <subfield code="c">8865</subfield>
    <subfield code="d">8865</subfield>
  </datafield>
  <datafield tag="952" ind1=" " ind2=" ">
    <subfield code="0">0</subfield>
    <subfield code="1">0</subfield>
    <subfield code="2">ddc</subfield>
    <subfield code="4">0</subfield>
    <subfield code="7">0</subfield>
    <subfield code="a">CENTRAL</subfield>
    <subfield code="b">TUWAIQ</subfield>
    <subfield code="d">2026-04-14</subfield>
    <subfield code="l">0</subfield>
    <subfield code="o">720.288 M85 2025</subfield>
    <subfield code="p">1000000029154</subfield>
    <subfield code="r">2026-04-14 09:47:06</subfield>
    <subfield code="w">2026-04-14</subfield>
    <subfield code="y">BK-EN</subfield>
  </datafield>
</record>
